Normal view
MARC view
- Minoru Uga
Entry Personal Name
001 - CONTROL NUMBER
- control field: 7027
003 - CONTROL NUMBER IDENTIFIER
- control field: OSt
005 - DATE AND TIME OF LATEST TRANSACTION
- control field: 20170523102905.0
008 - FIXED-LENGTH DATA ELEMENTS
- fixed length control field: 170523|| aca||aabn | a|a d
040 ## - CATALOGING SOURCE
- Original cataloging agency: OSt
- Transcribing agency: OSt
100 ## - HEADING--PERSONAL NAME
- Personal name: Minoru Uga
- Relator term: Chief Internal Auditor of Kobe Customs
670 ## - SOURCE DATA FOUND
- Source citation: Work cat.: (OSt): Intergrity Strategies in Japan Customs /, [200?]

PORTAL AKMAL
E-MEL JKDM
AKMAL2U
G-BAM
u-PUSTAKA